000 00483nam a2200181Ia 4500
008 221030s9999 xx 000 0 und d
020 _a8131501671
041 _aEnglish
082 _a105.23
100 _aJ. C. Giarratano
245 0 _aExpert Systems - Principles & Programming With CD
_cby J. C. Giarratano, G. D. Riley
250 _a4th
260 _bCengage Learning
_aNew Delhi
_c2009
300 _a842
650 _aCSE Career Award
700 _aG. D. Riley
942 _cBK
999 _c6289
_d6289